Tulu nighantu.V6. (Record no. 101102)

MARC details
000 -LEADER
fixed length control field 00592nam a2200217Ia 4500
003 - CONTROL NUMBER IDENTIFIER
control field OSt
005 - DATE AND TIME OF LATEST TRANSACTION
control field 20260601151218.0
008 - FIXED-LENGTH DATA ELEMENTS--GENERAL INFORMATION
fixed length control field 210210b1992 xxu||||| |||| 00| 0 eng d
040 ## - CATALOGING SOURCE
Transcribing agency AL
041 ## - LANGUAGE CODE
Language code of text/sound track or separate title Kannada
082 ## - DEWEY DECIMAL CLASSIFICATION NUMBER
Classification number T494.3 TULU
100 ## - MAIN ENTRY--PERSONAL NAME
Personal name U.P. Upadhyaya
Dates associated with a name ಯು.ಪಿ. ಉಪಾಧ್ಯಾಯ
9 (RLIN) 264904
245 ## - TITLE STATEMENT
Title Tulu nighantu.V6.
Remainder of title ತುಳು ನಿಘಂಟು
260 ## - PUBLICATION, DISTRIBUTION, ETC.
Place of publication, distribution, etc. Udupi
Name of publisher, distributor, etc. R G P R Centre
Date of publication, distribution, etc. 1992
300 ## - PHYSICAL DESCRIPTION
Extent 2452-3032
440 ## - SERIES STATEMENT/ADDED ENTRY--TITLE
Title 6
9 (RLIN) 264905
650 ## - SUBJECT ADDED ENTRY--TOPICAL TERM
Topical term or geographic name entry element TULU LEXICON
9 (RLIN) 264906
690 ## - LOCAL SUBJECT ADDED ENTRY--TOPICAL TERM (OCLC, RLIN)
Topical term or geographic name as entry element Tulu Dictionary
9 (RLIN) 264907
906 ## - LOCAL DATA ELEMENT F, LDF (RLIN)
a 052536
942 ## - ADDED ENTRY ELEMENTS (KOHA)
Source of classification or shelving scheme Dewey Decimal Classification
Koha item type Book
Holdings
Withdrawn status Lost status Damaged status Not for loan Collection code Home library Current library Shelving location Date acquired Cost, normal purchase price Total Checkouts Full call number Barcode Date last seen Price effective from Koha item type
      Reference Book Tulu St Aloysius Library St Aloysius Library   02/17/2021 120.00   T494.3 TULU 052536 02/17/2021 02/17/2021 Book